| 000 | 01124nam a2200301 i 4500 | ||
|---|---|---|---|
| 001 | 114954 | ||
| 003 | ES-MaACL | ||
| 005 | 20250824052155.0 | ||
| 007 | t| | ||
| 008 | 070213s1929 sp a |||| | spa d | ||
| 080 | _a86-221"19" | ||
| 100 | 1 |
_aMachado, Manuel, _d1874-1947 _975161 _eaut |
|
| 245 | 1 | 3 |
_aLa Lola se va los puertos_ : _bcomedia en tres actos / _cManuel y Antonio Machado ; dibujos de José Machado |
| 260 |
_aMadrid : _bRivadeneyra, _c1929 |
||
| 300 |
_a103 páginas : _bilustraciones ; _c17 cm. |
||
| 490 | 1 |
_aLa Farsa ; _v114 |
|
| 500 | _aEstrenada en el Teatro Fontalba, de Madrid, el día 8 de noviembre de 1929 | ||
| 530 | _aDisponible en formato digital | ||
| 655 | 0 |
_aTeatro _9234794 |
|
| 700 | 1 |
_aMachado, Antonio, _d1875-1939 _975151 _eaut |
|
| 700 | 1 |
_aMachado, José, _975159 _d1879-1958 _eill |
|
| 830 | 0 |
_aLa Farsa ; _v114 _9185863 |
|
| 852 |
_aES-MaACL _cSPAL _jC-13198 |
||
| 856 |
_uhttps://archive.org/details/lalolasevalospue3267mach _yVersión en línea _z(Internet Archive) |
||
| 942 |
_2udc _cMONOGRAFIA _n0 |
||
| 999 |
_c114954 _d114954 |
||